Catalog

Record Details

Catalog Search



Češi ve wehrmachtu : zamlčované osudy / František Emmert

Summary:

Vzpomínky mužů, většinou z národnostně smíšených oblastí Těšínska a Hlučínska, kteří byli donuceni bojovat za 2. světové války v řadách wehrmachtu.
Život v německé armádě viděný očima osmi mužů z národnostně smíšených rodin na Těšínsku a Hlučínsku. Smíšené rodiny byly totiž prohlášeny nacisty za německé, a tudíž museli jejich muži bojovat ve wehrmachtu. Takto postižených byly tisíce. Tito vojáci byli jako "zrádci" pronásledováni i po roce 1945. Vzpomínky dnešních důchodců popisují děsivé chvíle anglo-amerických leteckých útoků a bombardování, ofenzívu Rudé armády pohledem z druhé strany.

Record details

  • ISBN: 80-7021-805-3
  • Physical Description: 197 s. : il., portréty ; 20 cm
  • Edition: Vyd. 1.
  • Publisher: Praha : Vyšehrad, 2005

Content descriptions

General Note:
Chronologický přehled

Available copies

  • 1 of 1 copy available at Common Catalog SPOK.

Holds

  • 0 current holds with 1 total copy.
Show All Copies
Location Call Number / Copy Notes Barcode Shelving Location Status Due Date
Terezin Initiative Institute 5093 4594305093 Knihovna ITI Available -

LDR 02417nam a2200517 a 4500
00127570
003CZ-PrJAB
00520221020125049.0
008051005s2005 xr ac gr 000 0dcze
015 . ‡acnb001584462
020 . ‡a80-7021-805-3 ‡qbrož. ‡cKč 198,00
035 . ‡a(CONS)2390
035 . ‡a(CZ PrSKC)nkc20051584462
035 . ‡a(OCoLC)63115841
040 . ‡aBOA001 ‡bcze ‡dABA001
080 . ‡a355.1 ‡2MRF
080 . ‡a355.11 ‡2MRF
080 . ‡a94(100)"1939/1945" ‡2MRF
080 . ‡a(430) ‡2MRF
080 . ‡a(437.3) ‡2MRF
080 . ‡a(437.326) ‡2MRF
080 . ‡a(0:82-322.6) ‡2MRF
1001 . ‡aEmmert, František, ‡d1974- ‡7js20020513025 ‡4aut
24510. ‡aČeši ve wehrmachtu : ‡bzamlčované osudy / ‡cFrantišek Emmert
250 . ‡aVyd. 1.
260 . ‡aPraha : ‡bVyšehrad, ‡c2005
300 . ‡a197 s. : ‡bil., portréty ; ‡c20 cm
500 . ‡aChronologický přehled
5209 . ‡aVzpomínky mužů, většinou z národnostně smíšených oblastí Těšínska a Hlučínska, kteří byli donuceni bojovat za 2. světové války v řadách wehrmachtu.
5209 . ‡aŽivot v německé armádě viděný očima osmi mužů z národnostně smíšených rodin na Těšínsku a Hlučínsku. Smíšené rodiny byly totiž prohlášeny nacisty za německé, a tudíž museli jejich muži bojovat ve wehrmachtu. Takto postižených byly tisíce. Tito vojáci byli jako "zrádci" pronásledováni i po roce 1945. Vzpomínky dnešních důchodců popisují děsivé chvíle anglo-amerických leteckých útoků a bombardování, ofenzívu Rudé armády pohledem z druhé strany.
8524 . ‡bJACH-ITI ‡bJACH-ITI ‡cKnihovna ITI ‡j5093 ‡p5093 ‡y$0.00
910 . ‡aABE340 ‡b5093
995 . ‡askok
901 . ‡a27570 ‡bISxN ‡c27570 ‡tbiblio

Additional Resources